| 000 | 00939nam0a22002891 4500 | ||
|---|---|---|---|
| 001 | RU\NLR\INFOCOMM_41\5000253781 | ||
| 005 | 20250613091548.0 | ||
| 035 | _a(NLR Aleph) 009113469 | ||
| 090 |
_a8175163 _c8175163 |
||
| 100 | _a20090213d1977 |||y0rusy50 ca | ||
| 101 | 0 | _afre | |
| 102 | _aRU | ||
| 105 | _aa ||||000|y | ||
| 200 | 1 |
_aLes Michakine _fS. Berkine, V. Féonov |
|
| 210 |
_aΜ. _cÉd. de l'Agence de presse "Novosti" _d1977 |
||
| 215 |
_a54 с., 6 л. ил., портр. _cил., портр. _d16 см |
||
| 300 | _aВ вып. дан.: С. Беркин, В. Феонов. Семья Мишакиных | ||
| 602 |
_aМишакины, семья _2nlr_sh1 |
||
| 686 |
_aТ3(2)73-28/-29 _2rubbk |
||
| 700 | 1 |
_9z01790 _aBerkin _bS. _4070 |
|
| 701 | 1 |
_aFéonov _bV. _4070 |
|
| 790 | 1 |
_9z01700 _aBerkine _bS. _4070 |
|
| 801 | 1 |
_aRU _bNLR _c20090213 |
|
| 801 | 0 |
_aRU _bNLR _gPSBO |
|
| 852 |
_aNLR _jИр51 Д-2/378 |
||
| 942 | _cBOOK | ||
| 980 | _aNB | ||